000
00301nam a2200121Ia 4500
008
210430s9999 xx 000 0 und d
082
_a
070.43 K451 F
100
_a
A R Khalid
_9
151
245
_a
Fun E khabar nawesi /
_c
A R Khalid
260
_a
LAHOR
_b
AR .KHLID
300
_a
127 P
942
_c
BK
_2
ddc
999
_c
563367
_d
563367